00537nam a2200133 i 450000100060000000300090000600500170001500700030003200800410003510000320007624502280010826000420033685200250037874000ES-MaACL20230906172002.0t|040914s1902 sp ||||1| spa d1 aGonzález Calzada, Manuel.13aLa ciencia química guarda el secreto de la vida y es el fundamento de la Psicología y de la Patología b: discurso inaugural de la Universidad de Salamnca leído el 1 de octubre de 1903 / cManuel González Calzada. aMadrid : b[s.n.], c1902 (fColón) aES-MaACLjT-1021-F-4